| 000 | 00525nam a2200217Ia 4500 | ||
|---|---|---|---|
| 005 | 20250425162742.0 | ||
| 008 | 250425s9999 xx 000 0 und d | ||
| 020 | _a842830937X | ||
| 041 | _aspa | ||
| 043 | _asp | ||
| 082 | _a550 | ||
| 100 | _aKREYTER, V. M. | ||
| 245 | 0 | _aGEOLOGIA Y PETROLEO: INVESTIGACION Y PROSPECCION GEOLOGICA (TOMO 6) | |
| 250 | _aS.E. | ||
| 260 |
_aEspaƱa _bPARANINFO _c1981 |
||
| 260 | _aMADRID | ||
| 300 | _a420 | ||
| 650 | _aPROSPECCION GEOLOGICA | ||
| 942 | _c01 | ||
| 010 | _a105129 | ||
| 999 |
_c235714 _d235714 |
||